000 00419nam a2200157Ia 4500
008 230524s9999 xx 000 0 und d
020 _a9789350244746
082 _a241.644
_bASW
100 _aK.Aswathappa
245 0 _a"Essentials of Business Environment: Text, Cases & Exercises"
260 _aMUMBAI
_bHimalaya
_c2010
300 _aXVI;568
500 _aQuantity Number: 5
650 _aManagement
942 _cBK
999 _c49169
_d49169